00234nam a2200097 a 4500008004100000050001500041100002800056245003400084260000900118350000900127120416s1981 xx |||||||||||||| || u aTS 230 Fli aFlinn, Richard Aloysius10aFundamentals of metal casting c1981 a0.00